LEADER 01107nam 2200409 450 001 9910136066803321 005 20230808200142.0 010 $a1-84995-292-2 010 $a1-84995-304-X 035 $a(CKB)3710000000915323 035 $a(MiAaPQ)EBC4721289 035 $a(EXLCZ)993710000000915323 100 $a20161103h20162016 uy 0 101 0 $aeng 135 $aurcnu|||||||| 181 $2rdacontent 182 $2rdamedia 183 $2rdacarrier 200 10$aDive Palau $ethe shipwrecks /$fRod Macdonald 210 1$aCaithness, Scotland :$cWhittles Publishing,$d2016. 210 4$dİ2016 215 $a1 online resource (305 pages) 311 $a1-84995-170-5 320 $aIncludes bibliographical references and index. 606 $aShipwrecks$zPalau 606 $aShipwrecks$zPacific Ocean 615 0$aShipwrecks 615 0$aShipwrecks 676 $a910.452 700 $aMacDonald$b Rod$01270147 801 0$bMiAaPQ 801 1$bMiAaPQ 801 2$bMiAaPQ 906 $aBOOK 912 $a9910136066803321 996 $aDive Palau$93407485 997 $aUNINA